LEADER 01410nam0 22003013i 450 001 SUN0099074 005 20140911100930.601 010 $a978-88-634-2154-5$d0.00 100 $a20140911d2010 |0itac50 ba 101 $aita 102 $aIT 105 $a|||| ||||| 200 1 $aˆLe ‰grandi decisioni della Corte costituzionale italiana$fTania Groppi$gcon la collaborazione di Chiara Meoli 210 $aNapoli$cEditoriale Scientifica$d2010 215 $aXXXVII, 217 p.$d21 cm. 410 1$1001SUN0074491$12001 $aStudi di attualità giuridiche$v3$1210 $aNapoli$cEditoriale scientifica. 606 $aCorte costituzionale$xItalia$xCompetenza$2SG$3SUNC030017 620 $dNapoli$3SUNL000005 676 $a342.450202643$cCOSTITUZIONI ED ALTRI STRUMENTI FONDAMENTALI DI GOVERNO. ITALIA. Sentenze di tribunali$v20 700 1$aGroppi$b, Tania$3SUNV003850$0147327 702 1$aMeoli$b, Chiara$3SUNV077972$4205 712 $aEditoriale scientifica$3SUNV000091$4650 801 $aIT$bSOL$c20181109$gRICA 912 $aSUN0099074 950 $aUFFICIO DI BIBLIOTECA DEL DIPARTIMENTO DI GIURISPRUDENZA$d00 CONS VIII.Eg.95 $e00 UBG74 995 $aUFFICIO DI BIBLIOTECA DEL DIPARTIMENTO DI GIURISPRUDENZA$gUBG$h74$kCONS VIII.Eg.95$op$qa 996 $aGrandi decisioni della Corte costituzionale italiana$91411497 997 $aUNICAMPANIA LEADER 01017nam0-22003011i-450 001 990001735170403321 005 20190529131345.0 035 $a000173517 035 $aFED01000173517 035 $a(Aleph)000173517FED01 035 $a000173517 100 $a20030910d2001----km-y0itay50------ba 101 0 $aita 200 1 $aUtilizzazione del siero di latte di pecora, di capra, di bufala e di vacca$emiglioramento e valorizzazione dei prodotti tradizionali e studio di prodotti alternativi$fRegione Campania 210 $aNapoli$cRegione Campania$d2001 215 $a24 p.$d29 cm 225 1 $aSpeciale POM 300 $aCampania agricoltura, numero speciale, ser. IV,2001. 610 0 $aLatte 676 $a637.1 710 01$aCampania$c$0270004 801 0$aIT$bUNINA$gRICA$2UNIMARC 901 $aLG 912 $a990001735170403321 952 $a60 OP. 159/51$fFAGBC 959 $aFAGBC 996 $aUtilizzazione del siero di latte di pecora, di capra, di bufala e di vacca$9364869 997 $aUNINA LEADER 02223oam 2200625 450 001 9910709716003321 005 20180713102507.0 035 $a(CKB)5470000002473090 035 $a(OCoLC)785283276$z(OCoLC)761237413 035 $a(EXLCZ)995470000002473090 100 $a20120408j198604 ua 0 101 0 $aeng 135 $aurbn||||||abp 181 $ctxt$2rdacontent 182 $cc$2rdamedia 183 $acr$2rdacarrier 200 10$aStatic internal performance of a thrust vectoring and reversing two-dimensional convergent-divergent nozzle with an aft flap /$fRichard J. Re and Laurence D. Leavitt 210 1$aWashington, D.C. :$cNational Aeronautics and Space Administration, Scientific and Technical Information Branch,$dApril 1986. 215 $a1 online resource (110 pages) $cillustrations 225 1 $aNASA/TP ;$v2549 300 $a"March 1982." 320 $aIncludes bibliographical references (pages 15-16). 606 $aStatic tests$2nasat 606 $aThrust vector control$2nasat 606 $aThrust reversal$2nasat 606 $aWind tunnel tests$2nasat 606 $aNozzle geometry$2nasat 606 $aJet nozzles 606 $aJet planes$xThrust reversers 606 $aJet nozzles$2fast 606 $aJet planes$xThrust reversers$2fast 615 7$aStatic tests. 615 7$aThrust vector control. 615 7$aThrust reversal. 615 7$aWind tunnel tests. 615 7$aNozzle geometry. 615 0$aJet nozzles. 615 0$aJet planes$xThrust reversers. 615 7$aJet nozzles. 615 7$aJet planes$xThrust reversers. 700 $aRe$b Richard J.$01387323 702 $aLeavitt$b Laurence D. 712 02$aUnited States.$bNational Aeronautics and Space Administration.$bScientific and Technical Information Branch, 712 02$aLangley Research Center. 801 0$bOCLCE 801 1$bOCLCE 801 2$bOCLCQ 801 2$bOCLCO 801 2$bOCLCF 801 2$bOCLCQ 801 2$bGPO 906 $aBOOK 912 $a9910709716003321 996 $aStatic internal performance of a thrust vectoring and reversing two-dimensional convergent-divergent nozzle with an aft flap$93542739 997 $aUNINA